Angelina Jolie Movies by Picture - Statistics

General Stats
  • This quiz has been taken 466 times
  • The average score is 7 of 16
Answer Stats
Picture Answer % Correct
Lara Croft: Tomb Raider
89%
Kung Fu Panda
86%
Mr. & Mrs. Smith
86%
Maleficent
84%
Eternals
55%
Salt
54%
Shark Tale
52%
Girl, Interrupted
48%
The Tourist
37%
Alexander
35%
Wanted
29%
Changeling
28%
Gone in 60 Seconds
26%
Beowulf
23%
Sky Captain and the World of Tomorrow
13%
Pushing Tin
4%
No matching quizzes found
Score Distribution
Percent of People with Each Score
Percentile by Number Answered
Your Score History
You have not taken this quiz